00153nam a2200073Ia 4500008004100000082000800041100001700049245001300066240331s9999 xx 000 0 und d bGUR aGurunathan,R 0aPenniyam